000
00211nam a22000857a 4500
008
161017b xxu||||| |||| 00| 0 eng d
100
_9
865
_a
Bhatia
245
_a
Expression in Art
260
_b
Navdeep Publications
_c
2008
999
_c
3518
_d
3518